[Event "Konnerud Autumn"]
[Site "Konnerud"]
[Date "2017.11.01"]
[Round "6"]
[White "Andersson, Oivind"]
[Black "Taksrud, Vidar"]
[Result "0-1"]
[WhiteElo "1546"]
[BlackElo "1983"]
[PlyCount "60"]
[EventDate "2017.09.20"]
[EventType "swiss"]
[EventRounds "9"]
[EventCountry "NOR"]
[SourceTitle "EXT 2024"]
[Source "ChessBase"]
[SourceDate "2023.10.10"]
[SourceVersion "1"]
[SourceVersionDate "2023.10.10"]
[SourceQuality "1"]

1. e4 e6 2. f4 d5 3. Nc3 dxe4 4. Nxe4 Nf6 5. Bd3 c5 6. Nf3 Nc6 7. 0-0 Be7 8. Nxf6+ Bxf6 9. Bb5 Bd7 10. c3 0-0 11. d3 Qb6 12. Bxc6 Bxc6 13. Kh1 Rfd8 14. Qc2 Qa6 15. c4 Rac8 16. Ne5 Be8 17. Be3 Qd6 18. d4 cxd4 19. Rad1 Bxe5 20. fxe5 Qxe5 21. Bf4 Qc5 22. Qd3 f6 23. b3 e5 24. Bd2 Bg6 25. Qg3 e4 26. Bf4 e3 27. Qg4 Qf5 28. Qe2 Bh5 29. Qd3 Qxd3 30. Rxd3 Be2 0-1

[Event "Drammen CC-ch Class2"]
[Site "Drammen"]
[Date "2012.03.13"]
[Round "6"]
[White "Andersson, Oivind"]
[Black "Yilmaz, Kazim"]
[Result "1-0"]
[WhiteElo "1115"]
[BlackElo "1272"]
[PlyCount "125"]
[EventDate "2012.01.17"]
[EventType "tourn"]
[EventRounds "7"]
[EventCountry "NOR"]
[SourceTitle "EXT 2024"]
[Source "ChessBase"]
[SourceDate "2023.10.10"]
[SourceVersion "1"]
[SourceVersionDate "2023.10.10"]
[SourceQuality "1"]

1. e4 e5 2. Nf3 Nc6 3. c3 d5 4. exd5 Qxd5 5. d3 Bg4 6. Be2 Nf6 7. Nbd2 Bc5 8. Qb3 Qxb3 9. Nxb3 Bb6 10. Be3 Bxe3 11. fxe3 e4 12. dxe4 Nxe4 13. 0-0 0-0 14. Rad1 Rad8 15. Nbd4 Nxd4 16. exd4 Bxf3 17. Bxf3 Nd6 18. b3 Rfe8 19. Rfe1 b6 20. Bc6 Rxe1+ 21. Rxe1 Kf8 22. Kf2 a5 23. a4 Nc8 24. Re3 Na7 25. Be4 Re8 26. Bb7 Rxe3 27. Kxe3 Ke7 28. Ke4 g6 29. g4 b5 30. d5 f6 31. Ba6 bxa4 32. bxa4 Kd6 33. Kd4 c5+ 34. Kc4 f5 35. gxf5 gxf5 36. Bb7 h6 37. Kd3 Ke5 38. Ke3 c4 39. h4 h5 40. Kf3 Nb5 41. axb5 a4 42. Bc6 a3 43. b6 a2 44. b7 a1Q 45. b8Q+ Kf6 46. Qh8+ Ke7 47. Qe5+ Kf7 48. Qxf5+ Kg7 49. Qg5+ Kf8 50. Qf6+ Kg8 51. Qe6+ Kf8 52. Qe8+ Kg7 53. Qe7+ Kg6 54. Be8+ Kh6 55. Qg5+ Kh7 56. Qg6+ Kh8 57. Qxh5+ Kg7 58. Qg6+ Kh8 59. Qf6+ Kg8 60. Bf7+ Kf8 61. Bg6+ Kg8 62. Qf7+ Kh8 63. Qh7# 1-0